| 000 | 00978nam a2200313 i 4500 | ||
|---|---|---|---|
| 001 | 19403 | ||
| 003 | ES-MaACL | ||
| 005 | 20240429130849.0 | ||
| 007 | t| | ||
| 008 | 020806s2002 sp ||||1| spa d | ||
| 020 | _a84-8310-802-X | ||
| 080 | _a821.134.2-6"19" | ||
| 080 | _a929 Salinas, Pedro | ||
| 080 | _a929 Whitmore, Katherine | ||
| 100 | 1 |
_aSalinas, Pedro, _d1891-1951 _9101942 |
|
| 245 | 1 | 0 |
_aCartas a Katherine Whitmore (1932-1947) / _cPedro Salinas ; edición y prólogo de Enric Bou. |
| 250 | _a1ª ed. | ||
| 260 |
_aBarcelona : _bTusquets, _c2002. |
||
| 300 |
_a406 p. ; _c23 cm. |
||
| 490 | 1 |
_aMarginales ; _v204 |
|
| 600 | 1 | 4 |
_aSalinas, Pedro, _d1891-1951- _vCorrespondencia _9101944 |
| 600 | 1 | 4 |
_aWhitmore, Katherine. _9116710 |
| 700 | 1 |
_aBou, Enric. _930815 |
|
| 830 | 0 | 0 |
_aMarginales ; _v204 _9236110 |
| 852 |
_aES-MaACL _jL-25832 _bR.131642 |
||
| 852 |
_aES-MaACL _jL-28311 _bR.134285 |
||
| 942 | _2udc | ||
| 999 |
_c19403 _d19403 |
||